00338nam a2200133Ia 4500003000400000005001700004008004100021040000900062082001500071100002300086245005000109260003700159300000800196OSt20200212143505.0190216s9999||||xx |||||||||||||| ||und|| coclc a920bMUN/B aMundassery, Joseph 0aBuddhimanmar Jeevikkunnu /cJoseph Mundassery bCurrent Books,aThrissur:c1998. a56p